Statistiken für Zufällig aufeinanderfolgende europäische Länder auf einer Karte

Klicken Sie hier um das Quiz zu spielen!

Allgemein

  • Dieses Quiz wurde 40.066 mal gespielt
    (32.662 seit der letzten Aktualisierung)
  • Das Durchschnittsergebnis liegt bei 35 aus 45

Antworten auf der Karte

Die Antworten werden auf der Karte rot bzw. grün angezeigt, abhängig davon wie oft sie richtig erraten wurden.
 

Antwortstatistiken

Land% Korrekt
Deutschland
79%
Frankreich
79%
Italien
79%
Norwegen
79%
Portugal
79%
Russland
79%
Spanien
79%
Vereinigtes Königreich
79%
Belgien
78%
Dänemark
78%
Finnland
78%
Griechenland
78%
Irland
78%
Island
78%
Kroatien
78%
Luxemburg
78%
Niederlande
78%
Österreich
78%
Polen
78%
Schweden
78%
Schweiz
78%
Ukraine
78%
Belarus
77%
Estland
77%
Lettland
77%
Liechtenstein
77%
Malta
77%
Tschechien
77%
Vatikanstadt
77%
Andorra
76%
Litauen
76%
Monaco
76%
Rumänien
76%
San Marino
76%
Slowakei
76%
Ungarn
76%
Albanien
75%
Bosnien und Herzegowina
75%
Bulgarien
75%
Kosovo
75%
Serbien
75%
Slowenien
75%
Moldawien
74%
Nordmazedonien
74%
Montenegro
73%

Verteilung der Resultate

Perzentil nach korrekt beantworteten Fragen

Anzahl Personen mit jedem Resultat

Ihre Resultats-Entwicklung

Sie haben dieses Quiz seit der letzten Aktualisierung nicht gespielt